Komparace vlivu PZI zemí V4 na vnější rovnováhu z pohledu platební bilance

Pohľad na vonkajšiu rovnováhu krajín V4 z pohľadu platobnej bilancie a identifikácia modelu týchto ekonomík, ktorý spočíva práve v priamych zahraničných investíciách.

Gespeichert in:
Bibliographische Detailangaben
1. Verfasser: Marková, Jana
Weitere Verfasser: Švihlíková, Ilona
Format: Buchkapitel
Sprache:Tschechisch
Schlagworte:
Tags: Tag hinzufügen
Keine Tags, Fügen Sie das erste Tag hinzu!

MARC

LEADER 00000naa a2200000 4500
001 0240983
005 20231108093150.5
041 0 |a cze 
044 |a CZ 
245 1 0 |a Komparace vlivu PZI zemí V4 na vnější rovnováhu z pohledu platební bilance  |c Jana Marková, Ilona Švihlíková 
520 |a Pohľad na vonkajšiu rovnováhu krajín V4 z pohľadu platobnej bilancie a identifikácia modelu týchto ekonomík, ktorý spočíva práve v priamych zahraničných investíciách. 
610 2 0 |a Vyšehradská štvorka 
610 2 0 |a investície priame zahraničné 
610 2 0 |a bilancia platobná 
610 2 0 |a analýza komparatívna 
100 1 |a Marková, Jana 
700 1 |a Švihlíková, Ilona